01257cpcaa2200265 a 4500001001300000003000400013005001700017008004100034010001700075040002400092072001200116245008900128300001400217506002200231520026300253545002000516546003600536600003500572600003400607610002600641656002800667700014900695700013000844999001700974mm2009085510DLC20260227111731.0091211|||||||||||| eng  amm2009085510 aDLCcDLCedacsdDLC 7aW2lcmd00aJ.W.A. Nicholson and Nathaniel Dowse Nicholson commissions and obituary,f1808-1887. a3fitems.0 aOpen to research.8 aNaval commission for Nathaniel Dowse Nicholson signed by Thomas Jefferson, 1808 January 1; Civil War naval commission for J.W.A. Nicholson signed by Abraham Lincoln, 1863 February 21; and obituary of J.W.A. Nicholson, New York Daily Graphic, 1887 November 1.0 aNaval officers. aCollection material in English.10aJefferson, Thomas,d1743-1826.10aLincoln, Abraham,d1809-1865.10aUnited States.bNavy. 7aNaval officers.2itoamc1 aNicholson, J. W. A.q(James William Augustus),d1821-1887.tJ.W.A. Nicholson and Nathaniel Dowse Nicholson commissions and obituary.f1808-1887.1 aNicholson, Nathaniel Dowse,d1790-1811.tJ.W.A. Nicholson and Nathaniel Dowse Nicholson commissions and obituary.f1808-1887. c44817d44817